King Crimson - Starless - Lyrics - Statistics

General Stats
  • This quiz has been taken 26 times
  • The average score is 35 of 55
Answer Stats
Hint Answer % Correct
a
95%
and
90%
And
90%
and
90%
and
90%
Starless
90%
Starless
90%
Starless
90%
bible
86%
bible
86%
bible
86%
black,
86%
black,
86%
black
86%
see
76%
Cruel
71%
eyes,
71%
eyes
71%
my
71%
my
71%
smile,
71%
smile
71%
twisted
71%
friend
67%
the
67%
But
62%
charity,
62%
Verse 2 Old
62%
that
62%
me,
57%
only
57%
through
57%
within
57%
for
52%
grey,
52%
grey
52%
day,
48%
dazzling
48%
silver
48%
sky,
48%
Verse 1 Sundown
48%
To
48%
to
48%
turned
48%
emptiness
43%
Fades
43%
hope
43%
into
43%
signals
43%
blue
38%
Gold
38%
yearns
38%
be
33%
Verse 3 Ice
33%
oh
29%
No matching quizzes found
Score Distribution
Percent of People with Each Score
Percentile by Number Answered
Your Score History
You have not taken this quiz